Le Japon : Histoire et civilisation

সংরক্ষণ করুন:
গ্রন্থ-পঞ্জীর বিবরন
প্রধান লেখক: Mazelière, Antoine Rous La
বিন্যাস: গ্রন্থ
ভাষা:Undetermined
প্রকাশিত: Paris Plon-Nourrit et cie, 1907
বিষয়গুলি:
ট্যাগগুলো: ট্যাগ যুক্ত করুন
কোনো ট্যাগ নেই, প্রথমজন হিসাবে ট্যাগ করুন!
Thư viện lưu trữ: Trung tâm Học liệu Trường Đại học Cần Thơ
LEADER 00556nam a2200205Ia 4500
001 CTU_115241
008 210402s9999 xx 000 0 und d
082 |a 915.2 
082 |b M476/T.5 
100 |a Mazelière, Antoine Rous La 
245 0 |a Le Japon : 
245 0 |b Histoire et civilisation 
245 0 |c Antoine Rous La Mazelière 
260 |a Paris 
260 |b Plon-Nourrit et cie, 
260 |c 1907 
650 |a Japan,Japan 
650 |x History,Civilization 
904 |i Năm 
980 |a Trung tâm Học liệu Trường Đại học Cần Thơ